Civil rights movement - Statistics

General Stats
  • This quiz has been taken 120 times
  • The average score is 14 of 63
Answer Stats
Hint Answer % Correct
African American's migrated north because of what laws Jim crow
80%
MLKs most famous speech i have a dream
56%
the____ bus boycotts Montgomery
43%
who denied to give up her seat to a white person twice rosa parks
41%
viewed white society oppressive, called for black separation. Malcolm X
39%
separation by unwritten custom/tradition or by social conditions such as poverty De facto segregation
38%
first AA supreme court justice Thurgood Marshall
36%
what year did Malcolm X get assassinated in 1965
34%
____ is beautiful black
34%
separation created by law De jure segregation
34%
what form of segregation was ended De jure segregation
34%
popular form of protest where participants sit and refuse to move sit in
34%
_____sent fed. troops to protect students Eisenhower
30%
the man above was apart of the nation of Islam
30%
tow that resistance to 9 Af. Amer. stud. integration in Central High Little Rock
28%
who founded the NAACP W.E.B. Dubois
28%
1942 formation: bring change through peaceful demonstration CORE
26%
poverty rates of AA (increased or decreased) decreased
25%
income and graduation of AA(increased or decreased) increased
25%
browns first name Linda
25%
overturn Plessy v. Ferguson: sep. but equal NAACP
25%
resulted in ___ in streets riots
25%
the NAACP was ___ (mixing racees) interracial
23%
(Aug. 1963) 200,000 to support JFK's bill march on Washington
23%
1960 student organ. sought immediate change SNCC
23%
The riots and harsh abuse however was watched by the nation on TV
23%
Power flows from the barrel of a gun
21%
who forced Federal Transportation Commission to ban segregation on all interstate transportation. JFK
21%
MLK jr started SCLC
21%
increased AA govt workers (CORE) the new deal
21%
what Amdt. banned poll tax 24
20%
Malcolm's opinion changed after his pilgrimage to Mecca
20%
field director of NAACP gunned down outside his home in Miss. Medgar Evers
20%
90 Southern Congress members opposing Brown decision Southern Manifesto:
20%
1961 CORE & SNCC tested South’s response Sup. Crt. ruling against bus segregation Freedom rides
18%
1911 formation: helped people move to major cities & get settled Nat’l Urban League
18%
this doctrine was overturned separate but equal
18%
fight with your fists not your words
18%
policies favoring a group
(usually minorities) to counter the effects
of a history of discrimination
Affirmative action
16%
Rev. Shuttlesworth and MLK Jr. joined to desegregate this city. Birmingham
16%
what day was Brown v. Brd. of Ed. overturned May 17, 1954
16%
created Black Panthers.: militant Huey Newton
15%
MLK Jr. assassinated in Tenn. by James Earl Ray
15%
establish Civil Rights Commission 1957 Civil Rights Act
13%
when taken to court, governor ____ blocked the hallway Barnett
13%
created Black Panthers.: militant Bobby Seale
13%
assassinated after Pres. Primary victory speech in Calif. RFK
13%
SNCC speaker & innovator Robert Moses
13%
Johnson moved legislation along in this act 1964 Civil Rights Act
11%
belief of sep. identify & racial unity of Af. Amer. Community. Black Nationalism
11%
Allowed holding__ funding federal
11%
1964 civil rights groups
(MFDP) organized voter registration drive in
Miss. (3 dead)
Freedom Summer
11%
_____ applied to all-white U. of Miss., rejected James Meredith
11%
Martin Luther King Jr.: addressed Montgomery calling for nonviolent protest MIA meeting
11%
“We Shall Overcome” became we shall overrun
11%
the 64 act Banned discrim. on bases of sex, race, religion or nat’l origin in jobs/unions which created EEOC
10%
governor wo called in the national guard to block them Orval Faubus
10%
Rosa parks husbands name Raymond
10%
Black Power mvt.: led by ____ SNCC member tired of peacefuldemonstrations. Stokely Carmichael
10%
MLK & other leaders led a
protest march against arrests of those who
tried to vote: nat’lly televised
Selma March
8%
reduced barriers
preventing Af. Amer. voting by incr. fed.
control over voting registration.
1965 Voting Rights Act
7%
writer: damaging effects of segregation (The Fire Next Time) James Baldwin
5%
created to determine cause for riots Kerner Commission
5%
No matching quizzes found
Score Distribution
Percent of People with Each Score
Percentile by Number Answered
Your Score History
You have not taken this quiz